书目信息 |
| 题名: |
信息物理融合能源系统
|
|
| 作者: | 管晓宏 著 | |
| 分册: | ||
| 出版信息: | 北京 科学出版社 2016.6 |
|
| 页数: | 12,296页 | |
| 开本: | 24cm | |
| 丛书名: | ||
| 单 册: | ||
| 中图分类: | O4-39 | |
| 科图分类: | ||
| 主题词: | 信息技术--应用--物理学--研究 | |
| 电子资源: | ||
| ISBN: | 978-7-03-048408-6 | |
| 000 | 00987nam0 2200253 450 | |
| 001 | 0400001598 | |
| 005 | 20171018175021.0 | |
| 010 | @a978-7-03-048408-6@dCNY108.00 | |
| 100 | @a20160826d2016 em y0chiy50 ea | |
| 101 | 0 | @achi |
| 102 | @aCN@b110000 | |
| 105 | @aa z 001yy | |
| 106 | @ar | |
| 200 | 1 | @a信息物理融合能源系统@9xin xi wu li rong he neng yuan xi tong@f管晓宏[等]著 |
| 210 | @a北京@c科学出版社@d2016.6 | |
| 215 | @a12,296页@c图表@d24cm | |
| 300 | @a信息化与工业化两化融合研究与应用 国家出版基金项目 | |
| 304 | @a著者还有:赵千川、贾庆山、吴江、刘烃 | |
| 330 | @a本书全面阐述了信息物理融合能源系统的基础理论、最新研究方法以及相关应用。并结合当前最新的科学前沿、关键技术和应用需求,系统讨论了信息物理融合能源系统的体系结构、感知技术、优化理论、可再生新能源、需求侧响应、综合安全等内容。 | |
| 606 | 0 | @a信息技术@x应用@x物理学@x研究 |
| 690 | @aO4-39@v5 | |
| 701 | 0 | @a管晓宏@9guan xiao hong@4著 |
| 801 | 0 | @aCN@b91MARC@c20171018 |
| 905 | @b1022154-8@dO4-39@f5@e760 | |
| 信息物理融合能源系统/管晓宏[等]著.-北京:科学出版社,2016.6 |
| 12,296页:图表;24cm |
| 信息化与工业化两化融合研究与应用 国家出版基金项目 |
| ISBN 978-7-03-048408-6:CNY108.00 |
| 本书全面阐述了信息物理融合能源系统的基础理论、最新研究方法以及相关应用。并结合当前最新的科学前沿、关键技术和应用需求,系统讨论了信息物理融合能源系统的体系结构、感知技术、优化理论、可再生新能源、需求侧响应、综合安全等内容。 |
| ● |
| 相关链接 |
|
|
|
|
正题名:信息物理融合能源系统
索取号:O4-39/760
 
预约/预借
| 序号 | 登录号 | 条形码 | 馆藏地/架位号 | 状态 | 备注 |
| 1 | 1022154 | 210221543 | 第二样本阅览室/ [索取号:O4-39/760] | 在馆 | |
| 2 | 1022155 | 210221552 | 密集书库-物理学院/ [索取号:O4-39/760] | 在馆 | |
| 3 | 1022156 | 210221561 | 第三借阅区/ [索取号:O4-39/760] | 在馆 | |
| 4 | 1022157 | 210221570 | 第三借阅区/ [索取号:O4-39/760] | 在馆 | |
| 5 | 1022158 | 210221589 | 第三借阅区/ [索取号:O4-39/760] | 在馆 |